000
00315nam a22001457a 4500
003
SGT
082
_a
346.4820954, PRA
100
_a
PRASAD,AKHIL
245
_a
COPYRIGHT LAW DESKBOOK
250
_a
1ST
260
_a
NEW DELHI
_b
UNIVERSAL BOOK
_c
2009
300
_a
401
650
_a
COPYRIGHT LAW
942
_2
ddc
_c
BK
_0
4
999
_c
9898
_d
9898